000 00489nam a2200181Ia 4500
005 20250508152521.0
008 008 250505s9999 xx 000 0 eng d
037 _aTextual
040 _aFEDL
_beng
_cFEDL
041 _aeng
_2eng
084 _a370.196, LEW
_qFEDL
100 _aLews L. J.
_9761678
245 0 _aStudies in education
260 _aLondon, UK
_bUniversity of London
_c1959
300 _a24p
942 _cTEXL
_h370.196, LEW
999 _c1336937
_d1336937